00304 a2200133 450000100060000002000060000604000220001210000330003424000370006724500320010430000080013636200090014465000170015360582 a  cAnchieta - Pituba aTeixeira, Anísio Spínola10aO ensino no estado da Bahialpor10aO ensino no estado da Bahia a1230 a2001 4aEducação